[Event "RUS-chT2"]
[Site "Sochi"]
[Date "2024.05.03"]
[Round "3.3"]
[White "Smirnov, Alexey1"]
[Black "Zablotsky, Sergei"]
[Result "1/2-1/2"]
[WhiteElo "2398"]
[BlackElo "2464"]
[PlyCount "40"]
[EventDate "2024.05.01"]
[EventType "team-swiss"]
[EventRounds "9"]
[EventCountry "RUS"]
[SourceTitle "CB21_2024"]
[SourceDate "2024.05.22"]
[SourceVersion "1"]
[SourceVersionDate "2024.05.22"]
[SourceQuality "1"]
[WhiteTeam "Start Permskiy Kray"]
[BlackTeam "Krasnoyarsk Region Enisey"]
[WhiteTeamCountry "RUS"]
[BlackTeamCountry "RUS"]

1. d4 Nf6 2. c4 e6 3. Nf3 b6 4. a3 Bb7 5. Nc3 d5 6. cxd5 Nxd5 7. Qc2 Nxc3 8. bxc3 c5 9. e4 Nd7 10. Bd3 Qc7 11. Qb1 Be7 12. 0-0 0-0 13. a4 Rfd8 14. Be3 Rac8 15. h3 g6 16. Rd1 Nf6 17. Ne5 Nd7 18. Nf3 Nf6 19. Ne5 Nd7 20. Nf3 Ra8 1/2-1/2

[Event "RUS-chT Rapid"]
[Site "Sochi"]
[Date "2023.10.19"]
[Round "6.26"]
[White "Galaktionov, Artem"]
[Black "Zablotsky, Sergei"]
[Result "1-0"]
[WhiteElo "2315"]
[BlackElo "2464"]
[PlyCount "162"]
[EventDate "2023.10.18"]
[EventType "team-swiss (rapid)"]
[EventRounds "9"]
[EventCountry "RUS"]
[SourceTitle "Mega2024 Update 01"]
[Source "Chessbase"]
[SourceDate "2023.11.12"]
[SourceVersion "1"]
[SourceVersionDate "2023.11.12"]
[SourceQuality "1"]
[WhiteTeam "Moscow Temus Tim"]
[BlackTeam "Krasnoyarsk Region Enisey"]
[WhiteTeamCountry "RUS"]
[BlackTeamCountry "RUS"]

1. d4 Nf6 2. c4 e6 3. Nf3 d5 4. Nc3 dxc4 5. e3 a6 6. a4 c5 7. Bxc4 Nc6 8. 0-0 Be7 9. Qe2 0-0 10. Rd1 Qc7 11. dxc5 Bxc5 12. Bd3 e5 13. Ne4 Be7 14. Bd2 Be6 15. Rdc1 Rfd8 16. Bc3 Nxe4 17. Bxe4 f6 18. h4 Bf8 19. Qc2 g6 20. h5 gxh5 21. Nh4 Rac8 22. Qe2 Qf7 23. Nf5 Bd5 24. Bxd5 Rxd5 25. Ng3 Rcd8 26. Nxh5 Qg6 27. Rd1 Rxd1+ 28. Rxd1 Be7 29. Rxd8+ Nxd8 30. Ng3 Qg7 31. Qc4+ Kf8 32. e4 Qg4 33. Nf5 Qd1+ 34. Kh2 Qh5+ 35. Kg3 Qg5+ 36. Kf3 Qf4+ 37. Ke2 Qg4+ 38. Ke1 Nc6 39. g3 Qg8 40. Qd5 Qxd5 41. exd5 Nb8 42. b4 Nd7 43. a5 b6 44. Ke2 bxa5 45. bxa5 Bc5 46. f3 h5 47. Kd3 Kf7 48. Be1 Kg6 49. Nh4+ Kf7 50. Ke4 Ba3 51. Kf5 Nc5 52. Bc3 Nb7 53. Ke4 Nd6+ 54. Kd3 Bc5 55. g4 hxg4 56. fxg4 Bf2 57. Nf5 Bc5 58. Bd2 Kg6 59. Ne7+ Kf7 60. Nc6 e4+ 61. Ke2 f5 62. gxf5 Nxf5 63. Nb8 Nd4+ 64. Kd1 Nb3 65. Nxa6 Bd6 66. Bc3 e3 67. Ke2 Nc5 68. Nxc5 Bxc5 69. Be5 Ke7 70. Bf4 Kd7 71. Bxe3 Bb4 72. a6 Kc7 73. Kd3 Ba3 74. Kc4 Bd6 75. Bc5 Bg3 76. Kd3 Be5 77. Ke4 Bg3 78. Kf5 Kc8 79. Ke6 Kc7 80. Bd4 Bh4 81. d6+ Kc6 1-0

[Event "RUS-chT Blitz"]
[Site "Sochi"]
[Date "2023.10.17"]
[Round "4.16"]
[White "Zablotsky, Sergei"]
[Black "Timerkhanov, Alexander"]
[Result "0-1"]
[WhiteElo "2464"]
[BlackElo "2336"]
[PlyCount "80"]
[EventDate "2023.10.17"]
[EventType "team-swiss (blitz)"]
[EventRounds "13"]
[EventCountry "RUS"]
[SourceTitle "Mega2024 Update 01"]
[Source "Chessbase"]
[SourceDate "2023.11.12"]
[SourceVersion "1"]
[SourceVersionDate "2023.11.12"]
[SourceQuality "1"]
[WhiteTeam "Krasnoyarsk Region Enisey"]
[BlackTeam "St Petersburg SShOR II"]
[WhiteTeamCountry "RUS"]
[BlackTeamCountry "RUS"]

1. Nf3 d5 2. g3 Nf6 3. Bg2 g6 4. b3 Bg7 5. Bb2 0-0 6. 0-0 c6 7. c4 a5 8. Nc3 Ne4 9. cxd5 cxd5 10. Rc1 Nc6 11. Qc2 Nxc3 12. Bxc3 d4 13. Bb2 Bf5 14. d3 Qd7 15. Qc5 Rfd8 16. Rc4 e5 17. Ng5 h6 18. Bxc6 bxc6 19. Ne4 Be6 20. Ra4 Bd5 21. Rxa5 Bxe4 22. dxe4 Bf8 23. Qxe5 f6 24. Qxf6 Rxa5 25. Qxg6+ Bg7 26. Rd1 c5 27. a4 Qf7 28. Qb6 Raa8 29. Qxc5 Qxb3 30. Bxd4 Qxd1+ 31. Kg2 Qxd4 32. Qc6 Qxa4 33. Qe6+ Kh8 34. e5 Qe4+ 35. f3 Qxe2+ 36. Kh3 Qxf3 37. Qg6 Qf1+ 38. Kh4 Ra4+ 39. g4 Qf2+ 40. Kh5 Qxh2# 0-1

[Event "RUS-chT2"]
[Site "Sochi"]
[Date "2023.05.04"]
[Round "4.2"]
[White "Babakekhyan, Artem"]
[Black "Zablotsky, Sergei"]
[Result "1/2-1/2"]
[WhiteElo "2242"]
[BlackElo "2482"]
[PlyCount "98"]
[EventDate "2023.05.01"]
[EventType "team-swiss"]
[EventRounds "9"]
[EventCountry "RUS"]
[SourceTitle "CBM 214 Extra"]
[Source "ChessBase"]
[SourceDate "2023.07.31"]
[SourceVersion "1"]
[SourceVersionDate "2023.07.31"]
[SourceQuality "1"]
[WhiteTeam "Finansovyy Univ pri Pravitelstve"]
[BlackTeam "Krasnoyarsk Region Enisey"]
[WhiteTeamCountry "RUS"]
[BlackTeamCountry "RUS"]

1. c4 e5 2. g3 g6 3. d4 d6 4. Bg2 Bg7 5. dxe5 dxe5 6. Qxd8+ Kxd8 7. Nc3 f6 8. b4 Nc6 9. Ba3 Be6 10. 0-0-0+ Kc8 11. Nd5 Bf8 12. Kb2 Nb8 13. Nf3 c6 14. Rc1 Kd8 15. Ne3 Nd7 16. Rhd1 Nh6 17. Nd2 Nf7 18. Nb3 a6 19. Na5 Kc8 20. Rc2 Be7 21. Rcd2 Rd8 22. c5 Kc7 23. Nec4 Nf8 24. Kc1 Rxd2 25. Rxd2 Rd8 26. Bb2 Rxd2 27. Kxd2 Nd7 28. Kc3 f5 29. e4 fxe4 30. Bxe4 Nf6 31. Kd3 Nxe4 32. Kxe4 Bd5+ 33. Ke3 Bg5+ 34. Ke2 e4 35. h4 Bd8 36. a3 Kc8 37. Bg7 Bxa5 38. Nxa5 Kc7 39. Bd4 Nh6 40. Be5+ Kc8 41. Kd2 Nf5 42. Ke2 h5 43. Kd2 Be6 44. Bb2 Kc7 45. Ke2 Bd5 46. Be5+ Kc8 47. Bf6 Kc7 48. Bb2 Kb8 49. Be5+ Kc8 1/2-1/2

[Event "RUS-chT2"]
[Site "Sochi"]
[Date "2023.05.01"]
[Round "1.2"]
[White "Zablotsky, Sergei"]
[Black "Anokhin, Vladimir"]
[Result "1/2-1/2"]
[WhiteElo "2482"]
[BlackElo "2298"]
[PlyCount "84"]
[EventDate "2023.05.01"]
[EventType "team-swiss"]
[EventRounds "9"]
[EventCountry "RUS"]
[SourceTitle "CBM 214 Extra"]
[Source "ChessBase"]
[SourceDate "2023.07.31"]
[SourceVersion "1"]
[SourceVersionDate "2023.07.31"]
[SourceQuality "1"]
[WhiteTeam "Krasnoyarsk Region Enisey"]
[BlackTeam "Russia Veterans"]
[WhiteTeamCountry "RUS"]
[BlackTeamCountry "RUS"]

1. Nf3 c5 2. c4 g6 3. d4 cxd4 4. Nxd4 Bg7 5. e4 Nc6 6. Be3 Nf6 7. Nc3 0-0 8. Be2 d6 9. 0-0 Nxd4 10. Bxd4 a5 11. c5 Bd7 12. cxd6 exd6 13. Re1 Bc6 14. Bb5 Re8 15. Qd3 Bf8 16. Rad1 Nd7 17. Qg3 Rc8 18. h4 Qe7 19. h5 Ne5 20. f4 Bxb5 21. Nd5 Qd8 22. Bb6 Nd7 23. Bxd8 Rexd8 24. hxg6 hxg6 25. Qg5 Re8 26. Nc7 Rxc7 27. Qxb5 Nf6 28. Qxa5 Rc4 29. Qb5 d5 30. exd5 Rxe1+ 31. Rxe1 Rb4 32. Qa5 b6 33. Qa8 Kg7 34. Re2 Rxf4 35. Rc2 Rd4 36. a3 Bd6 37. Kf2 Nxd5 38. Qc6 Be5 39. Qe8 Re4 40. Qb5 Bd4+ 41. Kg3 Be5+ 42. Kf2 Bd4+ 1/2-1/2

[Event "RUS-chT Rapid"]
[Site "Sochi"]
[Date "2022.10.18"]
[Round "3.16"]
[White "Zarubitski, Viachaslau"]
[Black "Zablotsky, Sergei"]
[Result "1/2-1/2"]
[WhiteElo "2459"]
[BlackElo "2482"]
[PlyCount "38"]
[EventDate "2022.10.18"]
[EventType "team-swiss (rapid)"]
[EventRounds "9"]
[EventCountry "RUS"]
[SourceTitle "CBM 210 Extra"]
[Source "ChessBase"]
[SourceDate "2022.11.30"]
[SourceVersion "1"]
[SourceVersionDate "2022.11.30"]
[SourceQuality "1"]
[WhiteTeam "Belarus"]
[BlackTeam "Krasnoyarsk Enisey"]
[WhiteTeamCountry "BLR"]
[BlackTeamCountry "RUS"]

1. e4 d5 2. Nc3 dxe4 3. Nxe4 Nd7 4. d4 Ngf6 5. Ng3 e6 6. Nf3 c5 7. c3 cxd4 8. Nxd4 Be7 9. Be2 0-0 10. 0-0 a6 11. Re1 Qc7 12. a4 b6 13. Bf3 Bb7 14. Bf4 Qxf4 15. Bxb7 Ra7 16. Bf3 Ne5 17. Rxe5 Qxe5 18. Nc6 Qc7 19. Nxa7 Qxa7 1/2-1/2

[Event "RUS-chT Blitz"]
[Site "Sochi"]
[Date "2022.10.17"]
[Round "7.4"]
[White "Bocharov, Dmitry"]
[Black "Zablotsky, Sergei"]
[Result "1/2-1/2"]
[WhiteElo "2526"]
[BlackElo "2482"]
[PlyCount "98"]
[EventDate "2022.10.17"]
[EventType "team-swiss (blitz)"]
[EventRounds "13"]
[EventCountry "RUS"]
[SourceTitle "CBM 210 Extra"]
[Source "ChessBase"]
[SourceDate "2022.11.30"]
[SourceVersion "1"]
[SourceVersionDate "2022.11.30"]
[SourceQuality "1"]
[WhiteTeam "Novosibirsk Region"]
[BlackTeam "Krasnoyarsk Enisey"]
[WhiteTeamCountry "RUS"]
[BlackTeamCountry "RUS"]

1. d4 Nf6 2. c4 e6 3. Nc3 Bb4 4. e3 0-0 5. Bd2 c5 6. a3 Bxc3 7. Bxc3 Ne4 8. Rc1 d6 9. Nf3 b6 10. Be2 Bb7 11. 0-0 Qe7 12. Be1 Nd7 13. Nd2 Nxd2 14. Qxd2 Rfd8 15. f3 Rac8 16. Bg3 d5 17. cxd5 exd5 18. Rfe1 Re8 19. Bf1 Nf8 20. b4 Ne6 21. dxc5 bxc5 22. bxc5 Rxc5 23. Rxc5 Nxc5 24. Qb4 Ba6 25. Bxa6 Nxa6 26. Qxe7 Rxe7 27. Rc1 h6 28. Rc6 Re6 29. Rxe6 fxe6 30. Bd6 Kf7 31. g4 g6 32. Kf2 Ke8 33. Be5 Kd7 34. Bd4 Nc7 35. Bxa7 Nb5 36. Bc5 Kc6 37. Bf8 h5 38. gxh5 gxh5 39. Kg3 e5 40. f4 d4 41. fxe5 dxe3 42. Kf3 Kd5 43. Kxe3 Kxe5 44. a4 Nc7 45. Kf3 Ne6 46. Bb4 Ng5+ 47. Kg3 Kd5 48. h3 Nxh3 49. Kxh3 Ke5 1/2-1/2

[Event "RUS-chT Blitz"]
[Site "Sochi"]
[Date "2022.10.17"]
[Round "3.11"]
[White "Zablotsky, Sergei"]
[Black "Fedorov, Alexei"]
[Result "1/2-1/2"]
[WhiteElo "2482"]
[BlackElo "2478"]
[PlyCount "131"]
[EventDate "2022.10.17"]
[EventType "team-swiss (blitz)"]
[EventRounds "13"]
[EventCountry "RUS"]
[SourceTitle "CBM 210 Extra"]
[Source "ChessBase"]
[SourceDate "2022.11.30"]
[SourceVersion "1"]
[SourceVersionDate "2022.11.30"]
[SourceQuality "1"]
[WhiteTeam "Krasnoyarsk Enisey"]
[BlackTeam "Belarus"]
[WhiteTeamCountry "RUS"]
[BlackTeamCountry "BLR"]

1. Nf3 Nf6 2. g3 g6 3. b3 Bg7 4. Bb2 d6 5. d4 0-0 6. Bg2 Nc6 7. 0-0 e5 8. dxe5 Ng4 9. c4 dxe5 10. h3 Nh6 11. Nc3 e4 12. Ne1 e3 13. f4 Nf5 14. Kh2 Qd2 15. Qxd2 exd2 16. Nc2 Ncd4 17. Nxd4 Nxd4 18. Ne4 Nxe2 19. Bxg7 Kxg7 20. Nxd2 c6 21. Rfe1 Nd4 22. Rac1 Be6 23. Nf3 Rad8 24. Nxd4 Rxd4 25. Re2 a5 26. Kg1 a4 27. Kf2 Rfd8 28. Rc3 h5 29. h4 Bg4 30. Bf3 Rd3 31. Rxd3 Rxd3 32. Bxg4 hxg4 33. bxa4 Rf3+ 34. Kg2 Ra3 35. Rb2 Rxa4 36. Rxb7 Rxa2+ 37. Kf1 Rc2 38. Rb4 c5 39. Ra4 Kf6 40. Ra7 Rxc4 41. Rc7 Rc2 42. Kg1 Ke6 43. Rc6+ Kf5 44. Rc7 Ke4 45. f5 gxf5 46. Rxf7 Kf3 47. Rxf5+ Kxg3 48. h5 c4 49. Kf1 c3 50. Rc5 Rc1+ 51. Ke2 Kg2 52. h6 g3 53. Kd3 Rh1 54. Rc6 Kf3 55. Rf6+ Kg4 56. Rg6+ Kf4 57. Kxc3 Kf3 58. Rf6+ Ke4 59. Rg6 Rh3 60. Kd2 Kf5 61. Rg8 Kf4 62. Ke2 Rxh6 63. Kf1 Rh2 64. Kg1 Ra2 65. Rf8+ Kg4 66. Rg8+ 1/2-1/2

[Event "RUS-ch Blitz"]
[Site "Sochi"]
[Date "2022.10.14"]
[Round "4"]
[White "Afanasiev, Nikita"]
[Black "Zablotsky, Sergei"]
[Result "1-0"]
[WhiteElo "2569"]
[BlackElo "2482"]
[PlyCount "65"]
[EventDate "2022.10.14"]
[EventType "swiss (blitz)"]
[EventRounds "13"]
[EventCountry "RUS"]
[SourceTitle "CBM 210 Extra"]
[Source "ChessBase"]
[SourceDate "2022.11.30"]
[SourceVersion "1"]
[SourceVersionDate "2022.11.30"]
[SourceQuality "1"]

1. e4 d5 2. exd5 Qxd5 3. Nc3 Qd6 4. d4 Nf6 5. Nf3 Nc6 6. h3 Bf5 7. Bd3 Bxd3 8. Qxd3 e6 9. Bg5 Be7 10. 0-0-0 0-0-0 11. Nb5 Qd5 12. c4 Qe4 13. Rhe1 Qxd3 14. Rxd3 a6 15. Nc3 h6 16. Bf4 Rd7 17. a3 Rhd8 18. Red1 g5 19. Be3 Nh5 20. d5 f6 21. Kc2 Na5 22. b3 exd5 23. Nxd5 Bxa3 24. Ra1 Rxd5 25. cxd5 Bb4 26. Rd4 c5 27. Rxb4 cxb4 28. Rxa5 Ng7 29. Bb6 Re8 30. Rc5+ Kb8 31. d6 Ne6 32. d7 Rg8 33. Rc4 1-0

[Event "Cheliabinsk Panchenko Memorial op-A"]
[Site "Cheliabinsk"]
[Date "2022.09.14"]
[Round "3"]
[White "Zemlyanskii, Ivan"]
[Black "Zablotsky, Sergei"]
[Result "1/2-1/2"]
[WhiteElo "2240"]
[BlackElo "2511"]
[PlyCount "89"]
[EventDate "2022.09.12"]
[EventType "swiss"]
[EventRounds "10"]
[EventCountry "RUS"]
[SourceTitle "CBM 210 Extra"]
[Source "ChessBase"]
[SourceDate "2022.11.30"]
[SourceVersion "1"]
[SourceVersionDate "2022.11.30"]
[SourceQuality "1"]

1. d4 Nf6 2. c4 g6 3. Nf3 Bg7 4. e3 0-0 5. Be2 b6 6. 0-0 Bb7 7. Nc3 d5 8. b4 dxc4 9. Bxc4 Qd6 10. b5 Nbd7 11. Qb3 c5 12. bxc6 Qxc6 13. Bb5 Qc7 14. Ba3 a6 15. Be2 Rfc8 16. Rfc1 Qd8 17. Ng5 e6 18. Bc4 Qe8 19. Bd3 b5 20. Nge4 Nxe4 21. Nxe4 Bd5 22. Qb2 Qd8 23. Nc5 Nb6 24. Qe2 Bc4 25. Ne4 Qd5 26. Nc3 Qd8 27. Ne4 f5 28. Nd2 Bxd3 29. Qxd3 Qd5 30. Qb3 Kf7 31. Bc5 Na4 32. Qxd5 exd5 33. Nb3 Rc6 34. Bb4 Rc4 35. Bd2 Bf8 36. Na5 Rcc8 37. Nc6 Ke6 38. Bb4 Bxb4 39. Nxb4 Rc4 40. Nd3 Rac8 41. Kf1 Kd6 42. Ke2 Nc3+ 43. Ke1 Na4 44. Kd2 Nc3 45. f3 1/2-1/2

[Event "Cheliabinsk Kurnosov Memorial Rapid-A"]
[Site "Cheliabinsk"]
[Date "2022.09.11"]
[Round "10"]
[White "Alekseev, Evgeny V"]
[Black "Zablotsky, Sergei"]
[Result "1/2-1/2"]
[WhiteElo "2575"]
[BlackElo "2511"]
[PlyCount "102"]
[EventDate "2022.09.09"]
[EventType "swiss (rapid)"]
[EventRounds "11"]
[EventCountry "RUS"]
[SourceTitle "CBM 210 Extra"]
[Source "ChessBase"]
[SourceDate "2022.11.30"]
[SourceVersion "1"]
[SourceVersionDate "2022.11.30"]
[SourceQuality "1"]

1. e4 d6 2. d4 Nf6 3. Bd3 e5 4. c3 Nc6 5. Nf3 Bg4 6. Bb5 Be7 7. 0-0 0-0 8. h3 Bh5 9. Bxc6 bxc6 10. Nbd2 exd4 11. cxd4 d5 12. e5 Ne4 13. Re1 c5 14. Nxe4 dxe4 15. Rxe4 Qd5 16. Re1 Rad8 17. g4 Bg6 18. Bg5 Bxg5 19. Nxg5 cxd4 20. e6 Rd6 21. exf7+ Bxf7 22. Nxf7 Qxf7 23. Qb3 Rd5 24. f4 c6 25. Re4 d3 26. Rd1 d2 27. Qe3 Qg6 28. f5 Rdxf5 29. Rxd2 Rf3 30. Qd4 Rxh3 31. Rf2 Rg3+ 32. Kf1 Rgf3 33. Rxf3 Rxf3+ 34. Kg2 Rf8 35. Qc4+ Kh8 36. Qe6 Qg5 37. Qd6 Rd8 38. Qe7 Qd2+ 39. Re2 Qd5+ 40. Kh2 h6 41. b3 a5 42. g5 hxg5 43. Kg3 Kg8 44. Qe6+ Qxe6 45. Rxe6 Rd2 46. Rxc6 Rxa2 47. Ra6 Kf7 48. Kg4 Rg2+ 49. Kf3 Rb2 50. Rxa5 Rxb3+ 51. Kg4 Rb4+ 1/2-1/2

[Event "Titled Tuesday intern op 14th July"]
[Site "Chess.com INT"]
[Date "2020.07.14"]
[Round "10"]
[White "Vokhidov, Shamsiddin"]
[Black "Zablotsky, Sergei"]
[Result "1/2-1/2"]
[WhiteElo "2512"]
[BlackElo "2511"]
[PlyCount "182"]
[EventDate "2020.07.14"]
[EventType "swiss (blitz)"]
[EventRounds "10"]
[EventCountry "USA"]
[SourceTitle "CBM 197 Extra"]
[Source "ChessBase"]
[SourceDate "2020.09.30"]
[SourceVersion "1"]
[SourceVersionDate "2020.09.30"]
[SourceQuality "1"]

1. e4 b6 2. d4 e5 3. dxe5 Bb7 4. Nc3 d5 5. exd5 Nd7 6. Nf3 Bb4 7. Bc4 Ne7 8. 0-0 Bxc3 9. bxc3 0-0 10. Bg5 h6 11. Bh4 Qe8 12. Re1 Nc5 13. d6 Nf5 14. Bg3 Qc6 15. dxc7 Nxg3 16. hxg3 Rac8 17. Qd6 Qxc7 18. Qxc7 Rxc7 19. Nd4 Ne4 20. Bb3 Nxc3 21. e6 Bd5 22. Re3 fxe6 23. Nxe6 Bxe6 24. Rxe6 Kh8 25. Rae1 b5 26. Ra6 Rf6 27. Re8+ Kh7 28. Rxf6 gxf6 29. Ra8 h5 30. f3 Kg6 31. Kf2 Nxa2 32. c4 bxc4 33. Bxa2 c3 34. Bb1+ c2 35. Bxc2+ Rxc2+ 36. Kg1 Ra2 37. Kh2 a5 38. Kh3 a4 39. Ra5 a3 40. g4 hxg4+ 41. fxg4 Ra1 42. Kg3 Kf7 43. Ra6 Ke7 44. Kf4 a2 45. Kg3 Kd7 46. Ra5 Kc7 47. Ra4 Kc6 48. Ra3 Kb5 49. Ra8 Kb4 50. Rb8+ Kc5 51. Rc8+ Kd6 52. Ra8 Kc5 53. Rc8+ Kd4 54. Ra8 Kd3 55. Ra7 Kc2 56. Ra8 Kc3 57. Ra7 Kb3 58. Rb7+ Kc2 59. Ra7 Kc3 60. Ra8 Kd4 61. Ra7 Kc5 62. Ra8 Kb5 63. Rb8+ Kc6 64. Ra8 Kb7 65. Ra3 Kb6 66. Ra4 Kb7 67. Ra3 Kb6 68. Ra4 Kb7 69. Ra5 Kc7 70. Ra8 Kc6 71. Ra7 Kb6 72. Ra8 Kc5 73. Ra7 Kd6 74. Ra8 Ke7 75. Ra7+ Ke6 76. Ra8 Kd7 77. Ra7+ Kc6 78. Ra8 Kb5 79. Rb8+ Ka4 80. Ra8+ Kb3 81. Rb8+ Kc2 82. Rc8+ Kd2 83. Rd8+ Kc1 84. Rc8+ Kb1 85. Rb8+ Kc1 86. Rc8+ Kd2 87. Ra8 Kc3 88. Ra7 Kb2 89. Rb7+ Ka3 90. Ra7+ Kb4 91. Ra8 Kc5 1/2-1/2